000 00568nam a2200169Ia 4500
003 GCL
008 140319s9999 xx 000 0 ara d
040 _aGCL /
_cGCL
082 0 4 _a810.5
_bر ب
245 1 0 _aالبيان :
_bمجلة ادبية ثقافية شهرية محكمة ع339 (اكتوبر-1998)
260 _aالكويت :
_bرابطة الادباء ،
_c1999
300 _aع239(128 ص) ؛
_c24 سم
650 0 4 _aالدوريات
650 0 4 _aالادب العربى - تاريخ ونقد
650 0 4 _aالادب - دوريات
942 _2ddc
_cBK
999 _c41718
_d41718